Terapéutica de las afecciones del estómago / (Record no. 157643)

MARC details
000 -LEADER
campo de control de longitud fija 01104nam a2200253 i 4500
001 - NÚMERO DE CONTROL
campo de control 157643
003 - IDENTIFICADOR DE NÚMERO DE CONTROL
campo de control ES-MaACL
005 - FECHA Y HORA DE LA ÚLTIMA TRANSACCIÓN
campo de control 20250930063135.0
008 - DATOS DE LONGITUD FIJA--INFORMACIÓN GENERAL
campo de control de longitud fija 020925s1878 sp |||| | spa d
040 ## - FUENTE DE CATALOGACIÓN
Centro catalogador/agencia de origen CCPB | B
Lengua de catalogación spa
Centro/agencia transcriptor CCPB | B
100 1# - ENTRADA PRINCIPAL--NOMBRE DE PERSONA
Nombre de persona Leube, Wilhelm von,
Fechas asociadas al nombre 1842-1922
9 (RLIN) 71897
245 10 - MENCIÓN DEL TÍTULO
Título Terapéutica de las afecciones del estómago /
Mención de responsabilidad, etc. por W.O. Leube ; traducida directamente del alemán por Isidoro de Miguel y Viguri.
260 ## - PUBLICACIÓN, DISTRIBUCIÓN, ETC.
Lugar de publicación, distribución, etc. Madrid :
Nombre del editor, distribuidor, etc. [s.n.],
Fecha de publicación, distribución, etc. 1878 (
Fabricante Imprenta de Enrique Teodoro)
300 ## - DESCRIPCIÓN FÍSICA
Extensión 25 p. ;
Dimensiones 23 cm.
490 1# - MENCIÓN DE SERIE
Mención de serie Biblioteca Económica de Medicina y Cirujía
490 1# - MENCIÓN DE SERIE
Mención de serie Colección de historias clínicas alemanas publicadas por Ricardo Wolkmann
650 #4 - PUNTO DE ACCESO ADICIONAL DE MATERIA--TÉRMINO DE MATERIA
Término de materia o nombre geográfico como elemento de entrada Estómago-
Subdivisión general Enfermedades.
9 (RLIN) 136069
700 0# - ENTRADA AGREGADA--NOMBRE PERSONAL
Nombre de persona Miguel y Viguri, Isidoro de.
9 (RLIN) 81043
830 0# - PUNTO DE ACCESO ADICIONAL DE SERIE-TÍTULO UNIFORME
Título uniforme Biblioteca económica de medicina y cirujía
9 (RLIN) 186248
830 00 - PUNTO DE ACCESO ADICIONAL DE SERIE-TÍTULO UNIFORME
Título uniforme Colección de historias clínicas alemanas publicadas por Ricardo Wolkmann
9 (RLIN) 188128
852 ## - LOCALIZACIÓN
Ubicación ES-MaACL
Número de control de estantería B-12699(2)
Nota libre -- Enc. hol.
-- -- Enc. en un vol. facticio
Holdings
Estatus retirado Estado de pérdida Estado de daño No para préstamo Colección Biblioteca de origen Biblioteca actual Ubicación en estantería Fecha de adquisición Total de préstamos Signatura topográfica completa Código de barras Visto por última vez Precio de reemplazo Tipo de ítem Koha
        Libros del s. XIX Biblioteca del Ateneo de Madrid Biblioteca del Ateneo de Madrid Sala Pardo Bazán 17/01/2008   B-12699(2) 1164968 23/02/2023 23/02/2023 Libro impreso antiguo